Logo BPK

Biblioteka

Politechniki Koszalińskiej

Bohater naszych czasów / (Rekord nr 55695)

Szczegóły MARC
000 -ETYKIETA REKORDU
podpole kontrolne o stałej długości 01027nam a2200301 i 4500
001 - NUMER KONTROLNY REKORDU
pole kontrolne bg
020 ## - MIĘDZYNARODOWY ZNORMALIZOWANY NUMER KSIĄŻKI - ISBN
ISBN 8498191645 (całość)
020 ## - MIĘDZYNARODOWY ZNORMALIZOWANY NUMER KSIĄŻKI - ISBN
ISBN 8498191726
040 ## - ŹRÓDŁO KATALOGOWANIA
Instytucja, która utworzyła rekord BPK
041 1# - KOD JĘZYKA
Kod języka tekstu pol
Kod języka oryginału rus
044 ## - KOD KRAJU WYDAWCY/PRODUCENTA
Kod kraju wydawcy/producenta POL
080 ## - UNIWERSALNA KLASYFIKACJA DZIESIĘTNA - UKD
UKD 882-3
920 ## - Międzynarodowy znormalizowany numer książki – ISBN
ISBN 84-9819-164-5 (całość)
920 ## - Międzynarodowy znormalizowany numer książki – ISBN
ISBN 84-9819-172-6
008 - POLE O STAŁEJ DŁUGOŚCI - DANE KONTROLNE
podpole kontrolne o stałej długości s pl f |000 0 pol
100 1# - NAZWA OSOBOWA
Nazwa osobowa Lermontov, Mihail Ur'evič
Daty związane z nazwą (1814-1841).
245 10 - TYTUŁ/ODPOWIEDZIALNOŚĆ
Tytuł Bohater naszych czasów /
Pozostałe elementy strefy tytułu i oznaczenia odpowiedzialności Michaił Lermontow ; przekł. Wacław Rogowicz.
246 1# - WARIANT TYTUŁU
Treść wyrażenia wprowadzającego Tyt. oryg.:
Tytuł Geroj našego vremeni
260 ## - STREFA ADRESU WYDAWNICZEGO
Miejsce wydania [s.l.] :
Nazwa wydawcy/dystrybutora Mediasat Group,
Data publikacji, dystrybucji/powstania dokumentu 2005.
300 ## - STREFA OPISU FIZYCZNEGO
Objętość 153 [2] s. ;
Rozmiary 21 cm.
490 1# - STREFA SERII I DOKUMENTU WIELOCZĘŚCIOWEGO - FORMA NIE DO WYSZUKIWANIA
Tytuł i oznaczenie odpowiedzialności serii Biblioteka Gazety Wyborczej : XIX wiek ;
Numeracja w obrębie serii 8
500 ## - UWAGI OGÓLNE
Tekst uwagi Tyt. oryg.: "Gieroj naszego wriemieni".
500 ## - UWAGI OGÓLNE
Tekst uwagi Wyd. we współpr. merytorycznej z Zakładem Narodowym im. Ossolińskich - Wydawnictwo, Wrocław.
650 #9 - HASŁO PRZEDMIOTOWE W FORMIE NAZWY OGÓLNEJ LUB JEDNOSTKOWEJ
Nazwa ogólna lub geograficzna Powieść rosyjska
Określnik chronologiczny 19 w.
700 1# - HASŁO DODATKOWE - NAZWA OSOBOWA
Nazwa osobowa Rogowicz, Wacław
Daty związane z nazwą (1879-1960).
Określenie związku między hasłem a opisywanym materiałem Tł.
830 #0 - HASŁO DODATKOWE SERII LUB DOKUMENTU WIELOCZĘŚCIOWEGO - TYTUŁ UJEDNOLICONY
Tytuł ujednolicony Biblioteka Gazety Wyborczej ;
Oznaczenie tomu 8
942 ## - DODATKOWE ELEMENTY (KOHA)
Typ dokumentu Książka
Egzemplarze
Wycofany Status egzemplarza Uszkodzony Dostępność Lokalizacja stała Lokalizacja bieżąca Miejsce przechowywania Sygnatura Kod kreskowy Typ dokumentu
      Dostępny Biblioteka Politechniki Koszalińskiej Biblioteka Politechniki Koszalińskiej Wypożyczalnia BG 89093 02441801 Książka
© 2023 Biblioteka Politechniki Koszalińskiej :: KOHA